[Event "Guernsey Holiday 2013"]
[Site "Guernsey GCI"]
[Date "2013.10.22"]
[Round "3"]
[White "Gunn, Mike"]
[Black "Van Beek, Ronald"]
[Result "1/2-1/2"]
[WhiteElo "1680"]
[BlackElo "1390"]
[PlyCount "52"]
[EventDate "2013.10.20"]
[EventType "swiss"]
[EventRounds "7"]
[SourceDate "2013.12.14"]

1. c4 Nf6 2. g3 c6 3. Bg2 d5 4. cxd5 cxd5 5. d4 Nc6 6. Nf3 h6 7. Nc3 e6 8. a3
Be7 9. O-O O-O 10. b4 a6 11. Bb2 b5 12. Rc1 Bb7 13. Qd3 Rc8 14. Rc2 Nd7 15. e4
dxe4 16. Nxe4 Bxb4 17. Rxc6 Bxc6 18. axb4 Nf6 19. Nc5 Ra8 20. Ra1 a5 21. bxa5
Rxa5 22. Rc1 Nd5 23. Qd2 Qa8 24. Ne5 Ra7 25. Nxc6 Qxc6 26. Nd3 Qd6 1/2-1/2

[Event "Guernsey Holiday 2013"]
[Site "Guernsey GCI"]
[Date "2013.10.22"]
[Round "3"]
[White "Joyeux, Gerard"]
[Black "Adrian, Louise"]
[Result "1-0"]
[WhiteElo "1651"]
[BlackElo "1403"]
[PlyCount "55"]
[EventDate "2013.10.20"]
[EventType "swiss"]
[EventRounds "7"]
[SourceDate "2013.12.14"]

1. d4 d5 2. e4 dxe4 3. f3 exf3 4. Nxf3 Nf6 5. Bc4 Bg4 6. Bxf7+ Kxf7 7. Ne5+ Ke8
8. Nxg4 Nc6 9. Nxf6+ exf6 10. Be3 Bd6 11. Nd2 Kf7 12. Ne4 Re8 13. Qf3 Bb4+ 14.
Kf2 Nxd4 15. Qg4 Nxc2 16. Rad1 Qe7 17. Rd7 Qxd7 18. Qxd7+ Re7 19. Qd5+ Kf8 20.
Bc5 Bxc5+ 21. Qxc5 Rae8 22. Qxc2 Rxe4 23. Qc5+ Kg8 24. Rd1 Re2+ 25. Kf1 Rxb2
26. Qxc7 Rbe2 27. Qc4+ Kh8 28. Qxe2 1-0

[Event "Guernsey Holiday 2013"]
[Site "Guernsey GCI"]
[Date "2013.10.22"]
[Round "3"]
[White "Kay, Robert"]
[Black "Jongerius, Marc"]
[Result "0-1"]
[WhiteElo "1528"]
[BlackElo "1642"]
[PlyCount "94"]
[EventDate "2013.10.20"]
[EventType "swiss"]
[EventRounds "7"]
[SourceDate "2013.12.14"]

1. f4 d5 2. Nf3 Nf6 3. e3 Nc6 4. Bb5 Bd7 5. Bxc6 Bxc6 6. O-O e6 7. b3 Bd6 8.
Bb2 Bb5 9. Re1 c5 10. Nc3 Bc6 11. Ne2 b5 12. Ne5 Bb7 13. Ng3 g6 14. d3 Rg8 15.
c4 a6 16. a4 b4 17. Rc1 h5 18. h3 h4 19. Nf1 Qe7 20. Nh2 g5 21. Rc2 O-O-O 22.
Nhg4 Nxg4 23. Nxg4 d4 24. fxg5 Rxg5 25. exd4 cxd4 26. Bc1 Rg6 27. Ne5 Bxe5 28.
Rxe5 Rdg8 29. Ree2 Bf3 30. Qf1 Bxe2 31. Rxe2 Rf6 32. Qe1 Rf3 33. Kh1 Rxd3 34.
Rb2 e5 35. Bd2 a5 36. Qe4 Rgg3 37. Qa8+ Kd7 38. Qxa5 Qd6 39. c5 Qc6 40. Bxb4
Rxb3 41. Rf2 Rxh3+ 42. Kg1 Rb1+ 43. Rf1 Rxf1+ 44. Kxf1 Rh1+ 45. Kf2 Qf6+ 46.
Ke2 Qf1+ 47. Kd2 Qd1# 0-1

[Event "Guernsey Holiday 2013"]
[Site "Guernsey GCI"]
[Date "2013.10.22"]
[Round "3"]
[White "Kerr, Matthew"]
[Black "Cook, Chris"]
[Result "0-1"]
[WhiteElo "1434"]
[BlackElo "1600"]
[PlyCount "44"]
[EventDate "2013.10.20"]
[EventType "swiss"]
[EventRounds "7"]
[SourceDate "2013.12.14"]

1. e4 d5 2. exd5 Qxd5 3. Nc3 Qd6 4. Nb5 Qb6 5. Bc4 Nf6 6. d3 a6 7. Nc3 e6 8.
Nf3 Bd6 9. O-O Nc6 10. Na4 Qa5 11. Nc3 Qh5 12. h3 h6 13. Re1 b5 14. Bb3 g5 15.
Ne4 Nxe4 16. Rxe4 f5 17. g4 Qxh3 18. gxf5 g4 19. Bxe6 Bxe6 20. Rxe6+ Kd7 21.
Ne5+ Nxe5 22. Rxd6+ cxd6 0-1

[Event "Guernsey Holiday 2013"]
[Site "Guernsey GCI"]
[Date "2013.10.22"]
[Round "3"]
[White "Svenneling, Matz"]
[Black "Goman, Colin"]
[Result "1-0"]
[WhiteElo "1504"]
[BlackElo "1556"]
[PlyCount "109"]
[EventDate "2013.10.20"]
[EventType "swiss"]
[EventRounds "7"]
[SourceDate "2013.12.14"]

1. e4 d6 2. d4 Nf6 3. Nc3 e5 4. dxe5 dxe5 5. Qxd8+ Kxd8 6. Bg5 Be7 7. O-O-O+
Bd7 8. h3 Kc8 9. Nf3 Nc6 10. Bb5 Bd6 11. Rd2 Ne8 12. Rhd1 f6 13. Be3 a6 14. Ba4
b5 15. Bb3 Na5 16. Bd5 c6 17. Bf7 Nb7 18. Bxe8 Rxe8 19. Rxd6 Nxd6 20. Rxd6 Kc7
21. Bc5 a5 22. Nd2 Be6 23. b3 Rad8 24. Rxd8 Rxd8 25. a3 Bf7 26. Ne2 Bh5 27. Ng3
Bf7 28. Nf5 g6 29. Nh6 Be6 30. Ng4 Bxg4 31. hxg4 h5 32. Be7 Rg8 33. Bxf6 hxg4
34. Bxe5+ Kd7 35. g3 Ke6 36. Bd4 Rd8 37. c3 Rc8 38. b4 axb4 39. cxb4 Rd8 40.
Nb3 Rf8 41. Nc5+ Kd6 42. Kd2 Ra8 43. Nb7+ Kc7 44. Na5 Rf8 45. Be5+ Kd7 46. Bf4
Rh8 47. Kc3 Rh1 48. Nb3 Rf1 49. Nc5+ Ke7 50. Nd3 Ra1 51. Kb2 Rd1 52. Ne5 Rd6
53. Nxg4 Re6 54. f3 Kd7 55. Kc3 1-0

[Event "Guernsey Holiday 2013"]
[Site "Guernsey GCI"]
[Date "2013.10.22"]
[Round "3"]
[White "Jones, Sid A"]
[Black "Kearsley, Raymond J"]
[Result "0-1"]
[WhiteElo "1488"]
[BlackElo "1672"]
[PlyCount "60"]
[EventDate "2013.10.20"]
[EventType "swiss"]
[EventRounds "7"]
[SourceDate "2013.12.14"]

1. Nf3 Nf6 2. g3 g6 3. d4 Bg7 4. Bg2 O-O 5. O-O d6 6. Nc3 Nbd7 7. Bg5 h6 8.
Bxf6 Nxf6 9. e4 c6 10. Rb1 Qc7 11. Re1 e5 12. d5 Bd7 13. h3 Nh5 14. Qe2 Kh7 15.
Nd1 f5 16. c4 fxe4 17. Nh2 cxd5 18. cxd5 Nf6 19. Nc3 Qa5 20. Nxe4 Nxe4 21. Bxe4
Bf5 22. b4 Qb6 23. Bxf5 gxf5 24. Rec1 Rac8 25. Rc4 Rc7 26. Rbc1 Rfc8 27. Qc2
Rxc4 28. Qxf5+ Kh8 29. Qxc8+ Rxc8 30. Rxc8+ Kh7 0-1

[Event "Guernsey Holiday 2013"]
[Site "Guernsey GCI"]
[Date "2013.10.22"]
[Round "3"]
[White "Le Messurier, Rosemary"]
[Black "Harnden, Terry"]
[Result "0-1"]
[WhiteElo "1210"]
[BlackElo "1527"]
[PlyCount "56"]
[EventDate "2013.10.20"]
[EventType "swiss"]
[EventRounds "7"]
[SourceDate "2013.12.14"]

1. e4 c5 2. Bc4 Nc6 3. Nf3 d6 4. a3 Nf6 5. d3 g6 6. Ng5 e6 7. Nc3 a6 8. O-O Bg7
9. Nf3 O-O 10. h3 b5 11. Bb3 Bb7 12. Bd2 Rc8 13. a4 b4 14. Ne2 a5 15. Re1 Ba6
16. Nf4 Ne8 17. c3 Ne5 18. d4 Nc4 19. d5 e5 20. Nd3 Nf6 21. Rc1 Nxd2 22. Qxd2
c4 23. Nxb4 axb4 24. cxb4 cxb3 25. b5 Bb7 26. Qb4 Qe7 27. Qxb3 Rxc1 28. Rxc1
Nxe4 0-1

[Event "Guernsey Holiday 2013"]
[Site "Guernsey GCI"]
[Date "2013.10.22"]
[Round "3"]
[White "Rowe, Oliver"]
[Black "Day, Frederick"]
[Result "0-1"]
[WhiteElo "1445"]
[BlackElo "1512"]
[PlyCount "66"]
[EventDate "2013.10.20"]
[EventType "swiss"]
[EventRounds "7"]
[SourceDate "2013.12.14"]

1. d4 f5 2. Bf4 Nf6 3. e3 e6 4. Nf3 Be7 5. Bd3 O-O 6. h3 d5 7. Nbd2 Ne4 8. Ne5
Nd7 9. Ndf3 Ndf6 10. c3 Qe8 11. Qe2 a6 12. Ng5 Nxg5 13. Bxg5 Ne4 14. Bxe7 Qxe7
15. f3 Ng3 16. Qc2 Nxh1 17. g4 Qh4+ 18. Kf1 Qxh3+ 19. Qg2 fxg4 20. Kg1 Ng3 21.
Nxg4 Qxg2+ 22. Kxg2 Nf5 23. Rh1 h6 24. e4 dxe4 25. fxe4 Ne7 26. Kg3 Bd7 27. Kh4
Ng6+ 28. Kg3 Nf4 29. Bc2 Rae8 30. e5 Ne2+ 31. Kh4 Re7 32. Re1 Nf4 33. Rg1 g5+
0-1

[Event "Guernsey Holiday 2013"]
[Site "Guernsey GCI"]
[Date "2013.10.22"]
[Round "3"]
[White "Jones, Tim"]
[Black "Foran, Barry"]
[Result "0-1"]
[WhiteElo "1456"]
[BlackElo "1503"]
[PlyCount "156"]
[EventDate "2013.10.20"]
[EventType "swiss"]
[EventRounds "7"]
[SourceDate "2013.12.14"]

1. e4 c6 2. d4 d5 3. e5 c5 4. c3 Nc6 5. h3 Bf5 6. Nf3 e6 7. Bd3 Bg6 8. Bxg6
hxg6 9. Bf4 Qb6 10. b3 Nh6 11. O-O Nf5 12. Be3 Be7 13. a4 Rc8 14. Kh2 a5 15.
Na3 cxd4 16. cxd4 Bxa3 17. Rxa3 O-O 18. Ra1 Nb4 19. Rc1 Rc6 20. Qe2 Rfc8 21.
Rxc6 Rxc6 22. Rc1 Nxe3 23. Qxe3 Rxc1 24. Qxc1 Qd8 25. Qd2 Qe7 26. Qd1 Nc6 27.
Qc2 Qb4 28. Qd3 Kf8 29. g4 Qb6 30. Qc3 Qb4 31. Qd3 Qb6 32. Kg3 Nb4 33. Qc3 Qc6
34. Qc5+ Qxc5 35. dxc5 Nd3 36. Nd4 Nxe5 37. f4 Nd7 38. c6 bxc6 39. Nxc6 Nc5 40.
Nxa5 Ke7 41. Nc6+ Kd6 42. Nd4 Na6 43. Kf3 f6 44. Ke3 Nc5 45. a5 e5 46. Nb5+ Kc6
47. Na3 d4+ 48. Kd2 Nxb3+ 49. Kd3 Nxa5 50. fxe5 fxe5 51. Ke4 Kd6 52. Nb5+ Ke6
53. Nc7+ Kd7 54. Nb5 Nc6 55. Kd5 d3 56. Nc3 d2 57. Nd1 g5 58. Ne3 g6 59. Nd1
Nd4 60. Kxe5 Nf3+ 61. Ke4 Ng1 62. Kd3 Nxh3 63. Kxd2 Ke6 64. Ke2 Ke5 65. Kf3 Kd4
66. Kg3 Nf4 67. Kf3 Nd3 68. Nf2 Nxf2 69. Kxf2 Ke4 70. Kg3 Ke3 71. Kg2 Kf4 72.
Kh2 Kxg4 73. Kg2 Kf4 74. Kh3 Kf3 75. Kh2 g4 76. Kg1 Kg3 77. Kh1 Kf2 78. Kh2 g3+
0-1

[Event "Guernsey Holiday 2013"]
[Site "Guernsey GCI"]
[Date "2013.10.22"]
[Round "3"]
[White "Bennett, David"]
[Black "Adrian, Leopold"]
[Result "0-1"]
[WhiteElo "1392"]
[BlackElo "1333"]
[PlyCount "148"]
[EventDate "2013.10.20"]
[EventType "swiss"]
[EventRounds "7"]
[SourceDate "2013.12.14"]

1. Nf3 e6 2. e4 d5 3. exd5 exd5 4. d4 Bd6 5. c4 Bb4+ 6. Bd2 Bxd2+ 7. Nbxd2 Bg4
8. Qb3 Ne7 9. Ne5 Be6 10. c5 Nbc6 11. Bb5 O-O 12. Qc3 Nxe5 13. dxe5 d4 14. Qf3
c6 15. Bd3 Qd7 16. O-O Rad8 17. b3 Rfe8 18. Rfe1 b6 19. Rac1 Qc7 20. Bc4 Ng6
21. Re4 Nxe5 22. Qg3 Bf5 23. Ree1 Rc8 24. cxb6 axb6 25. a4 Re7 26. Ra1 c5 27.
h4 Bg6 28. Qg5 h6 29. Qg3 h5 30. Ra2 Rce8 31. Bb5 Rd8 32. Rea1 Ra8 33. f4 Ng4
34. Qf3 Ra5 35. Nc4 Ra7 36. g3 Be4 37. Qf1 f5 38. Nd2 Ne3 39. Bc4+ Kh7 40. Qe2
g6 41. Nf3 Ng4 42. Ng5+ Kh6 43. Ne6 Qd6 44. Ng5 Qd7 45. Bb5 Qc7 46. Qc4 Ne3 47.
Qg8 Ra8 48. Ne6 Rxg8 49. Nxc7 Rxc7 50. Re2 Bc2 51. Ra3 Bd1 52. Rd2 Kg7 53. Kf2
Bg4 54. Ra1 Kf6 55. Rc1 Ke6 56. Re1 Kd5 57. Bc4+ Nxc4 58. bxc4+ Kxc4 59. Rb1
Rb7 60. Rc2+ Kd5 61. Re1 d3 62. Re5+ Kd4 63. Rd2 Kc3 64. Ke1 Rgg7 65. Re3 Rbd7
66. Re6 Rge7 67. Re5 Rxe5+ 68. fxe5 Re7 69. Ra2 Rxe5+ 70. Kf1 Re2 71. Ra3+ Kc2
72. Ra2+ Kb3 73. Ra1 d2 74. Rb1+ Kc2 0-1

[Event "Guernsey Holiday 2013"]
[Site "Guernsey GCI"]
[Date "2013.10.22"]
[Round "3"]
[White "Adrian, Lucien"]
[Black "Newrick, William R"]
[Result "1-0"]
[WhiteElo "1383"]
[BlackElo "1392"]
[PlyCount "61"]
[EventDate "2013.10.20"]
[EventType "swiss"]
[EventRounds "7"]
[SourceDate "2013.12.14"]

1. e4 c5 2. d4 cxd4 3. Qxd4 Nc6 4. Qe3 e6 5. Nc3 b6 6. Bd2 Bc5 7. Qg3 Nf6 8.
Qxg7 Rg8 9. Qh6 Rg6 10. Qh3 Bb7 11. Bd3 Nb4 12. O-O-O Nxd3+ 13. cxd3 Ng4 14.
Qxh7 Nxf2 15. Rf1 Nxd3+ 16. Kc2 Ne5 17. Qh8+ Bf8 18. Qxe5 d6 19. Qf4 Qe7 20. h4
Bh6 21. Qf3 Bxd2 22. Kxd2 Rc8 23. h5 Qg5+ 24. Kd1 Rg7 25. Nh3 Qxg2 26. Qxg2
Rxg2 27. h6 Bxe4 28. Nxe4 Rcc2 29. Nxd6+ Kf8 30. Rxf7+ Kg8 31. h7+ 1-0

[Event "Guernsey Holiday 2013"]
[Site "Guernsey GCI"]
[Date "2013.10.23"]
[Round "4"]
[White "Van Hoek, Wim"]
[Black "Derrick, Neil"]
[Result "1/2-1/2"]
[WhiteElo "1700"]
[BlackElo "1640"]
[PlyCount "52"]
[EventDate "2013.10.20"]
[EventType "swiss"]
[EventRounds "7"]
[SourceDate "2013.12.14"]

1. e4 c5 2. Nf3 d6 3. c3 Nf6 4. Be2 Nc6 5. d4 cxd4 6. cxd4 e6 7. Nc3 Be7 8. O-O
O-O 9. h3 Bd7 10. Be3 Rc8 11. d5 exd5 12. exd5 Na5 13. Qd4 b6 14. Ba6 Rc7 15.
b4 Nb7 16. Rac1 Qb8 17. Nb5 Bxb5 18. Bxb5 Rfc8 19. Rxc7 Rxc7 20. Bc6 Qc8 21.
Rc1 Nd8 22. b5 Nb7 23. Bd2 Bf8 24. Re1 Nc5 25. Bc3 Re7 26. a4 Rxe1+ 1/2-1/2

[Event "Guernsey Holiday 2013"]
[Site "Guernsey GCI"]
[Date "2013.10.23"]
[Round "4"]
[White "Hoogakker, Peter"]
[Black "O'Connell, Dennis"]
[Result "0-1"]
[WhiteElo "1763"]
[BlackElo "1488"]
[PlyCount "86"]
[EventDate "2013.10.20"]
[EventType "swiss"]
[EventRounds "7"]
[SourceDate "2013.12.14"]

1. e4 d5 2. exd5 Nf6 3. Nf3 Bg4 4. Be2 Qxd5 5. Nc3 Qa5 6. O-O e6 7. d4 c6 8.
Bf4 Nbd7 9. a3 Be7 10. Re1 O-O 11. Nb1 Rfe8 12. c4 Qf5 13. g3 Nh5 14. Bd3 Qf6
15. h3 Bxf3 16. Qxf3 Nxf4 17. Qxf4 Qxf4 18. gxf4 Bf6 19. Be4 Bxd4 20. Rd1 Bxb2
21. Ra2 Nc5 22. Rxb2 Nxe4 23. Rxb7 Nc5 24. Rb2 Red8 25. Rbd2 Rxd2 26. Rxd2 Kf8
27. Nc3 Ke7 28. Na2 a5 29. Rb2 Rd8 30. Rb6 Kd6 31. Nc3 Kc7 32. Rb1 Rd4 33. Rb5
Rxc4 34. Rxc5 Rxc5 35. Ne4 Rc1+ 36. Kg2 Ra1 37. Ng5 Rxa3 38. Nxf7 Rb3 39. Ng5
Kd7 40. Ne4 Ke7 41. Nd2 Rb4 42. Nf3 Kd6 43. Nd2 Rxf4 0-1

[Event "Guernsey Holiday 2013"]
[Site "Guernsey GCI"]
[Date "2013.10.23"]
[Round "4"]
[White "Borland, Tom"]
[Black "Keuneke, Hanno"]
[Result "1/2-1/2"]
[WhiteElo "1615"]
[BlackElo "1767"]
[PlyCount "77"]
[EventDate "2013.10.20"]
[EventType "swiss"]
[EventRounds "7"]
[SourceDate "2013.12.14"]

1. d4 Nf6 2. Bf4 g6 3. e3 Bg7 4. Nf3 O-O 5. Nbd2 d6 6. h3 c5 7. c3 Nc6 8. Be2
cxd4 9. exd4 e5 10. dxe5 dxe5 11. Nxe5 Nd5 12. Nxc6 bxc6 13. Bg3 Re8 14. O-O
Bxc3 15. Nc4 Bxb2 16. Nxb2 Nc3 17. Qxd8 Nxe2+ 18. Kh2 Rxd8 19. Be5 Ba6 20. Rfd1
f5 21. f4 c5 22. Na4 c4 23. Nc3 Nxc3 24. Bxc3 Rd3 25. Rac1 Re8 26. Be5 Bb5 27.
Rg1 Rc8 28. Bc3 Re8 29. Be5 Ra3 30. Rc2 Re6 31. Rb2 a6 32. Rd1 Rd3 33. Rc1 Rc6
34. Rbc2 Kf7 35. a4 Bxa4 36. Rxc4 Rxc4 37. Rxc4 Bb5 38. Rc7+ Rd7 39. Rc2
1/2-1/2

[Event "Guernsey Holiday 2013"]
[Site "Guernsey GCI"]
[Date "2013.10.23"]
[Round "4"]
[White "Finch, Russell"]
[Black "Collins, Alan"]
[Result "1/2-1/2"]
[WhiteElo "1606"]
[BlackElo "1720"]
[PlyCount "53"]
[EventDate "2013.10.20"]
[EventType "swiss"]
[EventRounds "7"]
[SourceDate "2013.12.14"]

1. d4 d6 2. Nf3 c6 3. c4 Nf6 4. Nc3 Bg4 5. Bf4 Nbd7 6. h3 Bxf3 7. exf3 e6 8.
Bd3 Be7 9. Qe2 O-O 10. O-O d5 11. c5 Nh5 12. Bh2 g6 13. g4 Ng7 14. Bf4 Re8 15.
Rfe1 Bf6 16. Be3 e5 17. dxe5 Bxe5 18. Qc2 d4 19. f4 dxe3 20. fxe5 exf2+ 21.
Qxf2 Rxe5 22. Bc4 Rxe1+ 23. Rxe1 Qf6 24. Qxf6 Nxf6 25. Re7 Ne6 26. Bxe6 fxe6
27. Rxe6 1/2-1/2

[Event "Guernsey Holiday 2013"]
[Site "Guernsey GCI"]
[Date "2013.10.23"]
[Round "4"]
[White "Savident, David"]
[Black "Beadle, John"]
[Result "1/2-1/2"]
[WhiteElo "1714"]
[BlackElo "1624"]
[PlyCount "40"]
[EventDate "2013.10.20"]
[EventType "swiss"]
[EventRounds "7"]
[SourceDate "2013.12.14"]

1. e4 e6 2. b3 d5 3. exd5 exd5 4. Bb2 Nf6 5. Be2 Bf5 6. Nf3 Nbd7 7. O-O Bd6 8.
Re1 O-O 9. Nc3 c6 10. d3 Qc7 11. g3 Rfe8 12. Nh4 Bh3 13. Bf1 Bg4 14. Qd2 h6 15.
Rxe8+ Rxe8 16. Nd1 g5 17. Ng2 Be5 18. Nge3 Bxb2 19. Nxb2 Ne5 20. Bg2 Nf3+
1/2-1/2

[Event "Guernsey Holiday 2013"]
[Site "Guernsey GCI"]
[Date "2013.10.23"]
[Round "4"]
[White "Cook, Chris"]
[Black "Glover, John"]
[Result "1/2-1/2"]
[WhiteElo "1600"]
[BlackElo "1712"]
[PlyCount "83"]
[EventDate "2013.10.20"]
[EventType "swiss"]
[EventRounds "7"]
[SourceDate "2013.12.14"]

1. f4 Nf6 2. Nf3 d6 3. e3 g6 4. b3 Bg7 5. Bb2 O-O 6. Be2 c5 7. O-O Na6 8. Nc3
Nc7 9. Rb1 a6 10. a4 Bd7 11. Qe1 b5 12. axb5 axb5 13. d3 b4 14. Nd1 Nb5 15. e4
Na3 16. Rc1 Ne8 17. Bxg7 Nxg7 18. Qh4 f6 19. Ne3 h5 20. Qg3 Kh7 21. Nh4 Qe8 22.
f5 g5 23. Ng6 Rg8 24. Qh3 Kh6 25. Ng4+ Kh7 26. Ne3 Kh6 27. Nd5 Qxg6 28. Nxe7
Qf7 29. Nxg8+ Rxg8 30. Qg3 Qe7 31. Qe3 Qe5 32. h4 Nxf5 33. Qf3 Nxh4 34. Qxf6+
Qxf6 35. Rxf6+ Rg6 36. Rf7 Bg4 37. Bxg4 hxg4 38. c3 bxc3 39. Rxc3 Nb5 40. Rc2
Nd4 41. Ra2 Rg7 42. Rf6+ 1/2-1/2

[Event "Guernsey Holiday 2013"]
[Site "Guernsey GCI"]
[Date "2013.10.23"]
[Round "4"]
[White "Baart, Edwin"]
[Black "Roberts, Malcolm A"]
[Result "1/2-1/2"]
[WhiteElo "1681"]
[BlackElo "1608"]
[PlyCount "70"]
[EventDate "2013.10.20"]
[EventType "swiss"]
[EventRounds "7"]
[SourceDate "2013.12.14"]

1. d4 d5 2. Nf3 Nf6 3. c4 c6 4. Nc3 e6 5. Bg5 Be7 6. e3 Nbd7 7. Qc2 h6 8. Bh4
b6 9. Be2 Bb7 10. O-O O-O 11. Rac1 Rc8 12. cxd5 cxd5 13. Qa4 a5 14. Bb5 Nb8 15.
Ne5 Nh5 16. Bxe7 Qxe7 17. a3 Rc7 18. Be2 Nf6 19. Nb5 Rxc1 20. Rxc1 Rc8 21.
Rxc8+ Bxc8 22. Qc2 Ba6 23. Kf1 Ne8 24. Ke1 Qb7 25. a4 Bxb5 26. Bxb5 Nd6 27. Be2
f6 28. Ng6 Nc6 29. Nf4 Nb4 30. Qg6 Qe7 31. Bd3 Nxd3+ 32. Qxd3 Qd7 33. b3 f5 34.
f3 Qc8 35. Kd2 Kf7 1/2-1/2

[Event "Guernsey Holiday 2013"]
[Site "Guernsey GCI"]
[Date "2013.10.23"]
[Round "4"]
[White "Kaye, Mike"]
[Black "Joyeux, Gerard"]
[Result "0-1"]
[WhiteElo "1368"]
[BlackElo "1651"]
[PlyCount "84"]
[EventDate "2013.10.20"]
[EventType "swiss"]
[EventRounds "7"]
[SourceDate "2013.12.14"]

1. d4 d5 2. Nf3 c5 3. c3 Nc6 4. e3 Nf6 5. Bd3 cxd4 6. cxd4 a6 7. O-O Bg4 8. Be2
Rc8 9. a3 e6 10. Nbd2 Bd6 11. b4 Ne4 12. Bb2 Nxd2 13. Qxd2 Bxf3 14. Bxf3 O-O
15. g3 Ne7 16. Bg2 Ng6 17. f4 Bb8 18. Qd3 f5 19. Rf2 Rf7 20. Rc1 Ne7 21. Rfc2
Rxc2 22. Rxc2 Nc8 23. Qe2 Nd6 24. h3 Nc4 25. Kh2 Qe8 26. Qd3 Rc7 27. h4 Qh5 28.
Qe2 Qh6 29. Bf1 Rf7 30. Qf2 b5 31. Bxc4 bxc4 32. Bc3 g5 33. fxg5 Qxh4+ 34. Kg2
Qxg5 35. Be1 Rg7 36. Kf1 Qh5 37. Qg2 Qg5 38. Re2 Bxg3 39. Qxg3 Qxg3 40. Bxg3
Rxg3 41. Kf2 Rg7 42. Kf3 Kf7 0-1

[Event "Guernsey Holiday 2013"]
[Site "Guernsey GCI"]
[Date "2013.10.23"]
[Round "4"]
[White "Jongerius, Marc"]
[Black "Haisma, Henk"]
[Result "1/2-1/2"]
[WhiteElo "1642"]
[BlackElo "1606"]
[PlyCount "48"]
[EventDate "2013.10.20"]
[EventType "swiss"]
[EventRounds "7"]
[SourceDate "2013.12.14"]

1. e4 c5 2. Nf3 Nc6 3. c3 d5 4. exd5 Qxd5 5. d4 cxd4 6. cxd4 e6 7. Nc3 Qd8 8.
Bd3 Nf6 9. O-O Be7 10. Re1 O-O 11. a3 a6 12. h3 b5 13. Be4 Nxe4 14. Nxe4 Bb7
15. Nc5 Bc8 16. Be3 Na5 17. b4 Nc4 18. Ne5 Nxe5 19. dxe5 Qc7 20. Qf3 Bxc5 21.
Bxc5 Bb7 22. Qg3 Rfc8 23. Rac1 Qc6 24. Red1 Qe4 1/2-1/2

[Event "Guernsey Holiday 2013"]
[Site "Guernsey GCI"]
[Date "2013.10.23"]
[Round "4"]
[White "Kearsley, Raymond J"]
[Black "Svenneling, Matz"]
[Result "1/2-1/2"]
[WhiteElo "1672"]
[BlackElo "1504"]
[PlyCount "50"]
[EventDate "2013.10.20"]
[EventType "swiss"]
[EventRounds "7"]
[SourceDate "2013.12.14"]

1. e4 e6 2. d4 d5 3. e5 c5 4. c3 cxd4 5. cxd4 Nc6 6. Nf3 Bb4+ 7. Nc3 Nge7 8.
Bd3 Bxc3+ 9. bxc3 h6 10. O-O Qa5 11. Qc2 Bd7 12. Nd2 Rc8 13. Nb3 Qa4 14. Qe2 b6
15. Bb5 Nxd4 16. Bxd7+ Kxd7 17. cxd4 Rc4 18. Be3 Rhc8 19. Rfc1 Nf5 20. Qb2 Qb4
21. Bd2 Qb5 22. Rxc4 dxc4 23. Rc1 cxb3 24. Rxc8 Kxc8 25. Qc3+ Kd7 1/2-1/2

[Event "Guernsey Holiday 2013"]
[Site "Guernsey GCI"]
[Date "2013.10.23"]
[Round "4"]
[White "Day, Frederick"]
[Black "Gunn, Mike"]
[Result "0-1"]
[WhiteElo "1512"]
[BlackElo "1680"]
[PlyCount "154"]
[EventDate "2013.10.20"]
[EventType "swiss"]
[EventRounds "7"]
[SourceDate "2013.12.14"]

1. c4 Nf6 2. Nc3 e6 3. g3 d5 4. cxd5 exd5 5. d4 c6 6. Bg2 Be7 7. e3 O-O 8. Nge2
Bf5 9. O-O Re8 10. f3 Bd6 11. Nf4 h6 12. g4 Bh7 13. Nce2 Nbd7 14. Ng3 Nf8 15.
Nfh5 Nxh5 16. Nxh5 Qh4 17. f4 Be4 18. Qe2 g6 19. Ng3 Bxg2 20. Kxg2 Qe7 21. Qf2
Rad8 22. Bd2 Nh7 23. Rh1 Nf6 24. h3 Ne4 25. Nxe4 Qxe4+ 26. Kg1 Re7 27. h4 f6
28. Rh3 Rf8 29. Rf1 f5 30. g5 h5 31. a3 Rfe8 32. Rf3 Qd3 33. Bc1 Re4 34. Re1 c5
35. Qf1 Qxf1+ 36. Rexf1 cxd4 37. exd4 Rc8 38. Rd3 Re2 39. Rd2 Rxd2 40. Bxd2 Rc2
41. Bc1 a5 42. Rd1 b5 43. Rf1 Kf7 44. Re1 b4 45. axb4 Bxb4 46. Rd1 Bd6 47. Rf1
Bc7 48. Rd1 Bb6 49. b3 Bc7 50. Rf1 Bd6 51. Rd1 Bb4 52. Rf1 Rc3 53. Bd2 Rxb3 54.
Bxb4 axb4 55. Ra1 Rd3 56. Ra7+ Kf8 57. Ra8+ Ke7 58. Ra7+ Kd8 59. Rg7 Rxd4 60.
Rxg6 Rxf4 61. Rd6+ Ke7 62. Rxd5 Ke6 63. Rb5 Rxh4 64. Kf2 Rg4 65. g6 Rxg6 66.
Rxb4 Rg4 67. Rb5 Re4 68. Rb3 Kf6 69. Rb6+ Kg5 70. Rb8 Rg4 71. Rb1 h4 72. Rh1
Rg3 73. Rd1 f4 74. Rd5+ Kg4 75. Rd7 Ra3 76. Rd2 h3 77. Kg1 Kg3 0-1

[Event "Guernsey Holiday 2013"]
[Site "Guernsey GCI"]
[Date "2013.10.23"]
[Round "4"]
[White "Foran, Barry"]
[Black "Bakkes, Frits"]
[Result "0-1"]
[WhiteElo "1503"]
[BlackElo "1678"]
[PlyCount "102"]
[EventDate "2013.10.20"]
[EventType "swiss"]
[EventRounds "7"]
[SourceDate "2013.12.14"]

1. d4 d5 2. Nf3 Nf6 3. e3 e6 4. Bd3 c5 5. b3 a6 6. O-O Nc6 7. Bb2 b5 8. dxc5
Bxc5 9. Nbd2 Bb7 10. Re1 Rc8 11. e4 Nb4 12. e5 Ng4 13. Rf1 Qb6 14. Nd4 Nxe5 15.
N2f3 Nbxd3 16. cxd3 Nxf3+ 17. Nxf3 d4 18. b4 Bxb4 19. Bxd4 Bc5 20. Be5 O-O 21.
Nh4 Bd4 22. Bxd4 Qxd4 23. Nf3 Bxf3 24. Qxf3 Rfd8 25. Rfc1 Rc3 26. Qe4 Rxd3 27.
Qxd4 R3xd4 28. g3 Kf8 29. Rc7 Rd1+ 30. Rxd1 Rxd1+ 31. Kg2 Ra1 32. Rc2 b4 33.
Kf3 a5 34. Ke3 g5 35. Kd3 Rd1+ 36. Kc4 Rd5 37. f3 h5 38. h3 Ke7 39. Re2 Kd6 40.
g4 h4 41. Rf2 Rc5+ 42. Kb3 Rc3+ 43. Kb2 Kc5 44. a4 Kc4 45. f4 f6 46. fxg5 fxg5
47. Re2 Rxh3 48. Rxe6 Rh2+ 49. Kc1 Kc3 50. Re3+ Kd4 51. Re6 b3 0-1

[Event "Guernsey Holiday 2013"]
[Site "Guernsey GCI"]
[Date "2013.10.23"]
[Round "4"]
[White "Harnden, Terry"]
[Black "Van Beek, Ronald"]
[Result "1/2-1/2"]
[WhiteElo "1527"]
[BlackElo "1390"]
[PlyCount "40"]
[EventDate "2013.10.20"]
[EventType "swiss"]
[EventRounds "7"]
[SourceDate "2013.12.14"]

1. e4 e6 2. d4 d5 3. e5 c5 4. Bb5+ Bd7 5. Bxd7+ Qxd7 6. c3 Nc6 7. Nf3 h6 8. O-O
O-O-O 9. a3 g5 10. Be3 c4 11. Nbd2 Bg7 12. b3 b5 13. bxc4 bxc4 14. Qa4 Nge7 15.
Rab1 Kc7 16. Rb5 Rb8 17. Rfb1 f5 18. exf6 Bxf6 19. Rc5 Rxb1+ 20. Nxb1 Kd6
1/2-1/2

[Event "Guernsey Holiday 2013"]
[Site "Guernsey GCI"]
[Date "2013.10.23"]
[Round "4"]
[White "Adrian, Lucien"]
[Black "Dokter, Marike"]
[Result "1/2-1/2"]
[WhiteElo "1383"]
[BlackElo "1552"]
[PlyCount "64"]
[EventDate "2013.10.20"]
[EventType "swiss"]
[EventRounds "7"]
[SourceDate "2013.12.14"]

1. e4 e5 2. d4 Nc6 3. d5 Nce7 4. Nf3 d6 5. Nc3 Bd7 6. Bc4 Nf6 7. Bg5 Ng6 8. O-O
Be7 9. Re1 O-O 10. Nh4 Nxh4 11. Bxh4 Ng4 12. Bxe7 Qxe7 13. h3 Nf6 14. Qf3 a6
15. Be2 Rac8 16. Qg3 c6 17. Bf3 cxd5 18. exd5 Rc5 19. Rad1 Rfc8 20. Qh4 Rc4 21.
Qg5 Qd8 22. Qg3 b5 23. a3 a5 24. Be2 R4c5 25. Bd3 Nh5 26. Qf3 Nf4 27. Be4 Qg5
28. Ne2 Nxh3+ 29. Kf1 Nf4 30. Nxf4 Qxf4 31. Qxf4 exf4 32. Bd3 h6 1/2-1/2